[Event "Budapest zt 1.4"]
[Site "Budapest"]
[Date "2000.06.17"]
[Round "1"]
[White "Mrva, Martin"]
[Black "Macieja, Bartlomiej"]
[Result "0-1"]
[WhiteElo "2426"]
[BlackElo "2538"]
[Annotator "Rogozenco,D"]
[PlyCount "102"]
[EventDate "2000.06.17"]
[EventType "swiss"]
[EventRounds "9"]
[EventCountry "HUN"]
[SourceTitle "CBM 078"]
[Source "ChessBase"]
[SourceDate "2000.10.18"]
[SourceVersion "1"]
[SourceVersionDate "2000.10.18"]
[SourceQuality "1"]

1. e4 c5 2. Nf3 d6 3. d4 cxd4 4. Nxd4 Nf6 5. Nc3 g6 6. Be3 Bg7 7. f3 Nc6 8. Qd2
O-O 9. Bc4 Bd7 10. h4 h5 11. O-O-O Ne5 12. Bb3 Rc8 13. Bg5 Rc5 14. Kb1 b5 15.
g4 a5 16. gxh5 (16. Bxf6 {is another very sharp line.} Bxf6 17. gxh5 a4 18. Bd5
e6 19. hxg6 exd5 20. h5 Bg5 21. f4 Nc4 22. Qg2 Ne3 23. Qxg5 Qxg5 24. fxg5 Nxd1
25. gxf7+ Rxf7 26. Rxd1 Bg4 27. Re1 dxe4 28. Ncxb5 d5 29. Nd6 $13 {1/2-1/2
Goloshchapov,A-Tindall,B/Medellin 1996}) 16... Nxh5 17. f4 (17. Nd5 {leads to
extremely sharp positions with chances for both sides.} Re8 18. Nf4 Nxf4 19.
Qxf4 Nc4 20. h5 f6 21. hxg6 Rxg5 22. Qh4 Kf8 23. f4 Rg4 24. Qh5 Qa8 25. Nf5
Bxf5 26. Qxf5 Rg2 27. Bxc4 bxc4 28. Rh7 e6 29. Qh5 Qxe4 30. Rh8+ Ke7 {0-1
Kulaots,K-Rogozenko,D/Chemnitz 1997}) 17... Nc4 18. Bxc4 $146 (18. Qd3 a4 19.
Bxc4 bxc4 20. Qd2 Qb6 21. Nd5 Rxd5 22. exd5 Rb8 23. c3 a3 $19 {0-1 Shabalov,
A-Basin,L/Belgorod 1989 (29)}) 18... Rxc4 19. e5 f6 20. Ndxb5 (20. exf6 exf6
21. Ndxb5 Bxb5 22. Qd5+ Kh7 23. Nxb5 Rc5 $17) 20... Bxb5 21. Nxb5 (21. Qd5+ Kh7
(21... Kh8 22. Nxb5 Rc5 23. Qd3 fxg5 24. Qxg6 Qe8 25. Qxe8 Rxe8 26. Nxd6 exd6
27. hxg5 dxe5 28. Rxh5+ Kg8 29. f5 (29. g6 Rec8 30. fxe5 Rxc2 $17) 29... e4 $19
30. Rf1 Rf8) 22. Nxb5 Rc5 23. Qd3 Qb6 $17 (23... fxg5 24. hxg5 $44)) 21... Rc5
22. Nc3 (22. Nd4 $1 dxe5 (22... fxg5 23. Ne6 Qb6 24. Nxf8 Kxf8 25. hxg5 dxe5
26. fxe5 Bxe5 27. c3 $13) (22... Qc8 23. Nb3 fxg5 24. exd6 $13) 23. Ne6 (23.
fxe5 fxg5 $17) 23... Qxd2 24. Rxd2 Rc6 25. Nxf8 Kxf8 26. fxe5 fxg5 27. hxg5
Bxe5 $15) 22... fxg5 23. Ne4 Qb6 (23... Rb5 24. c4 Rb8 25. Qd5+ Kh8 26. Nxg5
Qb6 $19) 24. hxg5 (24. Nxc5 $142 Qxc5 (24... dxc5 25. fxg5 $13 Rb8 $140 26. b3
a4 27. Qd7 axb3 28. cxb3 $16) 25. exd6 Rb8 26. b3 gxf4 (26... Nxf4 27. d7 Rd8
28. Rhe1 $15) 27. d7 Rd8 $17) 24... Nxf4 25. Nxc5 Qxc5 26. exd6 Rb8 27. b3 Qe5
28. c3 exd6 29. Rhe1 Qxc3 30. Qxc3 Bxc3 $19 31. Re7 Be5 32. Rd2 a4 33. Kc2 Kf8
34. Rh7 axb3+ 35. axb3 Ne6 36. Kd3 Nxg5 37. Rf2+ Kg8 38. Re7 Rxb3+ 39. Kc4 Rc3+
40. Kb4 Rf3 41. Rg2 Rg3 42. Ra2 Nf7 43. Rf2 Rg4+ 44. Kb5 Rf4 45. Rg2 Kf8 46.
Ra7 Kg7 47. Kc6 Kf6 48. Kd7 g5 49. Ra8 Nh6 50. Re8 g4 51. Rf8+ Kg5 0-1

[Event "Enghien les Bains 4th"]
[Site "Enghien les Bains"]
[Date "2001.04.20"]
[Round "9"]
[White "Bauer, Christian"]
[Black "Van Wely, Loek"]
[Result "1-0"]
[WhiteElo "2612"]
[BlackElo "2670"]
[Annotator "Rogozenco,D"]
[PlyCount "79"]
[EventDate "2001.04.11"]
[EventType "tourn"]
[EventRounds "9"]
[EventCountry "FRA"]
[EventCategory "17"]
[SourceTitle "CBM 083"]
[Source "ChessBase"]
[SourceDate "2001.07.05"]
[SourceVersion "1"]
[SourceVersionDate "2001.07.05"]
[SourceQuality "1"]

1. e4 c5 2. Nc3 Nc6 3. Nf3 g6 4. d4 cxd4 5. Nxd4 Bg7 6. Be3 Nf6 7. Bc4 O-O 8.
Bb3 d6 9. f3 Bd7 10. Qd2 Rc8 11. O-O-O Ne5 12. Kb1 Nc4 13. Bxc4 Rxc4 14. g4 Qa5
15. Nb3 (15. g5 Nh5 16. Nd5 Qd8 17. Ne2 $14) 15... Qa6 16. e5 {I commented the
whole line in the CBM 73 to the game Slobodjan,R-Malakhov,V/Koszalin 1999. 16.
e5 was analized there as well and the following piece sac was recommended for
Black.} (16. Bh6 Rfc8 17. Bxg7 Kxg7 18. h4 (18. e5 $5) 18... h6 19. g5 Nh5 20.
Rh2 b5 21. Qe3 e5 22. Rhd2 $16 {0-1 Slobodjan,R-Malakhov,V/Koszalin 1999/ (35)}
) 16... Nxg4 {The best way to get counterplay, otherwise White is simply much
better. For the details look in CBM to the above mentioned game.} 17. fxg4 Bxe5
$2 {The pawn on g4 must have been taken. Now White keeps it and is much better.
} (17... Bxg4 18. exd6 (18. Rdf1 Bxe5 19. Nd5 Re8 {White might have advantage
in this sharp position, but it is very complicated and much better for Black
if comparing with the game anyway.}) 18... Bxd1 (18... Bxc3 19. bxc3 Bxd1 20.
dxe7 Bxc2+ 21. Qxc2 Re8 $13) 19. dxe7 Bxc2+ 20. Kxc2 Re8 $13) 18. Nd5 Re8 19.
h3 $1 e6 20. Nb4 Qb5 21. Nd3 Bg7 (21... Bh8 22. Rhf1 $18) 22. Bh6 {White
consolidated the position and is close to winning. Unfortunately for Black he
cannot create counterplay.} Bh8 23. Rhf1 Bc6 24. Qa5 {Aiming for endgame,
which is very difficult for Black too. On the other hand white king is more
secure than black and with the queens White could decide the game even faster.}
(24. Qf2 Re7 25. Bf4 e5 26. Bg5 $18) 24... Rc8 25. Rf2 Ra4 26. Qxb5 Bxb5 27.
Rfd2 b6 {He must lose another tempo before playing d5.} (27... d5 28. Nbc5 $18)
28. Nf2 d5 29. Nd4 Ba6 30. b3 Ra5 31. c4 {On top of all, Black has problems
with the backrank.} Bf6 (31... Bg7 {Of course without his dark-squared bishop
Black's chances for counterplay disappear, but keeping them was no longer
possible given the fact that on h6 white bishop is extremely strong.} 32. Bxg7
Kxg7 33. cxd5 Rxd5 $16 {/+-.}) 32. g5 Be7 33. Ng4 $18 Bb4 34. Rf2 Rac5 35. Nf6+
Kh8 36. Nd7 dxc4 37. Nxc5 bxc5 38. Nc6 c3 39. Nxb4 cxb4 40. Rd7 1-0

[Event "GER CupT final"]
[Site "Luebeck"]
[Date "2001.03.25"]
[Round "2.2"]
[White "Volke, Karsten"]
[Black "Muse, Drazen"]
[Result "1-0"]
[WhiteElo "2476"]
[BlackElo "2412"]
[Annotator "Rogozenco,D"]
[PlyCount "115"]
[EventDate "2001.03.24"]
[EventType "team"]
[EventRounds "2"]
[EventCountry "GER"]
[SourceTitle "CBM 082"]
[Source "ChessBase"]
[SourceDate "2001.05.17"]
[SourceVersion "1"]
[SourceVersionDate "2001.05.17"]
[SourceQuality "1"]
[WhiteTeam "Stuttgart"]
[BlackTeam "Kreuzberg"]
[WhiteTeamCountry "GER"]
[BlackTeamCountry "GER"]

1. e4 c5 2. Nf3 d6 3. d4 cxd4 4. Nxd4 Nf6 5. Nc3 g6 6. Be3 Bg7 7. f3 Nc6 8. Qd2
O-O 9. Bc4 Bd7 10. h4 h5 11. O-O-O Rc8 12. Bb3 Nxd4 13. Bxd4 b5 {A rare
variation and the present game proves once more its dubious reputation.} 14. e5
$1 (14. Nd5 Nxd5 15. Bxg7 Kxg7 16. Qxd5 (16. exd5 $5 a5 17. a3) 16... Rc5 (
16... a5 $132) 17. Qd4+ Kh7 18. g4 Qc7 19. Rdg1 $13 {1/2-1/2 Kouznetsova,
E-Rezai Perdomo,Y/Ueberlingen am Bodensee 2000/ (30)}) 14... dxe5 15. Bxe5 b4
16. Nd5 a5 (16... Nxd5 17. Bxg7 Kxg7 18. Qxd5 Bf5 (18... Rc7 19. Qd4+ f6 20.
Qxb4 $18) 19. Qe5+ f6 20. Rxd8 fxe5 21. Rd5 (21. Rxf8 Kxf8 22. Re1 Rc5 $14)
21... e4 22. fxe4 Bxe4 23. Rd7 Bxg2 24. Re1 $16) 17. Nxf6+ exf6 18. Qxd7 (18.
Bd6 a4 $1 (18... Re8 19. Bxb4 $1 axb4 20. Qxd7 $18) 19. Bc4 $8 (19. Bd5 Bf5 20.
Be4 (20. Bxf8 Qxf8 $19) 20... Bxe4 21. fxe4 b3 $17) (19. Bxf8 axb3 20. Qxd7
bxa2 21. Qa4 Qc7 22. Rd2 Bxf8 23. Qxa2 Bh6 $19) 19... Rxc4 20. Bxf8 b3 21. axb3
axb3 22. c3 Qa5 23. Ba3 (23. Qxd7 Rxc3+ $1 $19) 23... Qf5 $44) 18... Qxd7 19.
Rxd7 fxe5 20. g4 $1 $16 {White's pieces are more active and the presence of
the opposite coloured Bishops makes it only more difficult for Black to defend.
} hxg4 (20... e4 21. gxh5 a4 (21... exf3 22. hxg6 $18) 22. Bd5 $18) (20... a4
$142 21. Bxa4 e4 22. gxh5 exf3 23. Rf1 gxh5 24. Rxf3 Rc4 25. Bb3 Rxh4 $16) 21.
fxg4 a4 22. Bxa4 Rc4 23. g5 Rf4 24. Bb3 e4 25. h5 gxh5 26. g6 $18 Bh6 27. Kd1
h4 28. Ke2 e3 29. Rh2 Kg7 30. gxf7 Rg4 31. Be6 Rg6 32. Bd5 Rg4 33. Be6 Rg1 {
Is he playing for a win?} (33... Rg6 $16) 34. Rd4 Bg5 35. Bb3 $6 (35. Rdxh4
Bxh4 36. Rxh4 Rg2+ 37. Kxe3 Rxc2 38. Rxb4 $18) 35... Rh8 36. Rd1 $2 (36. Rxb4
$2 Rd8 $132) (36. a4 bxa3 37. bxa3 h3 38. a4 $16) 36... Rxd1 37. Kxd1 Rd8+ 38.
Ke1 Bf4 39. Rh3 Bg3+ $2 (39... Rd2 $1) 40. Ke2 Bf2 41. Rh1 Rd2+ 42. Kf3 Rd6 43.
a4 bxa3 44. bxa3 Rg6 45. a4 Rg5 46. Ke2 Bg1 $2 47. Rxh4 Rg2+ 48. Kf1 e2+ 49.
Kxg2 e1=Q 50. Rg4+ Kh7 51. f8=Q Qe2+ 52. Kxg1 Qxg4+ 53. Kf2 Qd4+ 54. Kf3 Qd1+
55. Ke3 Qe1+ 56. Kd3 Qd1+ 57. Kc3 Qa1+ 58. Kc4 1-0

[Event "Dubai op"]
[Site "Dubai"]
[Date "2001.04.20"]
[Round "6"]
[White "Ehlvest, Jaan"]
[Black "Fedorov, Alexei"]
[Result "1-0"]
[WhiteElo "2630"]
[BlackElo "2590"]
[Annotator "Rogozenco,D"]
[PlyCount "61"]
[EventDate "2001.04.15"]
[EventType "swiss"]
[EventRounds "9"]
[EventCountry "UAE"]
[SourceTitle "CBM 083"]
[Source "ChessBase"]
[SourceDate "2001.07.05"]
[SourceVersion "1"]
[SourceVersionDate "2001.07.05"]
[SourceQuality "1"]

1. e4 c5 2. Nf3 d6 3. d4 cxd4 4. Nxd4 Nf6 5. Nc3 g6 6. Be3 Bg7 7. f3 Nc6 8. Qd2
O-O 9. Bc4 Bd7 10. O-O-O Qb8 {This queen move was never very popular among
Dragon players. Lately Black was facing some troubles in the main lines, and
GM Alexey Fedorov started to use 10. ... Qb8. However, even for such a strong
and creative player like Alexey, the practical results in this variation are
not good at all.} 11. Kb1 {It is amazing that Kb1 is useful almost in 100% of
cases in Dragon Sicilian, and actually in other Sicilians as well. In this
particular position 11.Kb1 was played just a few times, but Ehlvest proves
that 11.Kb1 might be as strong as the other alternatives.} (11. Nd5 Nxd5 12.
Bxd5 (12. exd5 Ne5 13. Be2 Rc8 14. h4 Qc7 15. b3 b5 16. Kb1 Rab8 $13 {1/2-1/2
Movsesian,S-Fedorov,A/Las Vegas 1999 (37)}) 12... Rc8 13. h4 e6 14. Bxc6 bxc6
15. Nb3 d5 16. c3 Qb5 17. h5 Rab8 18. hxg6 fxg6 19. Kb1 a5 20. Nc5 Qc4 21. e5
Be8 22. Qd4 $16 {1-0 Leko,P-Fedorov,A/Batumi 1999 (57)}) 11... b5 12. Be2 ({
after} 12. Ndxb5 Ne5 13. Be2 Rc8 $44 {Black achieved his goal - to open more
lines against white king.}) (12. Ncxb5 Ne5 13. Be2 Rc8 $44) 12... b4 13. Nd5
Qb7 (13... Nxd5 14. exd5 $14 Na5 $140 $2 15. h4 Rc8 (15... Qb7 16. Bh6 $40) 16.
h5 (16. Bh6 Bh8 17. h5 Nc4 18. Bxc4 Rxc4 19. Qe3 $16) 16... Nc4 17. Bxc4 Rxc4
18. hxg6 hxg6 19. g4 $16 {[%cal Rd2h2] White has a very strong attack}) 14.
Nxf6+ Bxf6 15. h4 {It turns out that White develops a dangerous attack while
Black still needs a lot of time to create real threats.} Rfc8 (15... h5 16. g4
hxg4 17. h5 gxf3 (17... Nxd4 18. Bxd4 e5 19. hxg6 $16) 18. Nxf3 $40) 16. h5
Nxd4 17. Bxd4 e5 (17... Bxd4 18. Qxd4 Qc6 19. hxg6 fxg6 (19... Qxc2+ 20. Ka1
fxg6 21. Qd5+ e6 22. Qxd6 Be8 23. Bd3 Qxg2 24. Qxe6+ Bf7 25. Qf6 $18) 20. Qd2 {
with an winning attack again.}) 18. Bf2 $16 Be6 19. hxg6 fxg6 (19... hxg6 20.
Bh4 Bg7 21. Qxd6 $18) 20. Bh4 (20. Qxd6 Rc6 21. Qd2 Rac8 22. Bd3 {was possible
too, but Ehlvest decided that it was no point to lose time and initiative for
taking d6 pawn.}) 20... Bxh4 (20... Bg7 21. Qxd6 Rc6 22. Qe7 $18) 21. Rxh4 Rc6
22. Rdh1 Rac8 23. Bd3 a5 $2 {A mistake. Black had to think of defence first of
all. However, White's following combination is not obvious. Maybe Black could
defend later, but in a practical game it is very difficult.} (23... R6c7 24. f4
exf4 25. Qxf4 Qc6 26. Qf6 Bc4 27. Rg4 Rg7) 24. f4 $5 exf4 25. e5 $5 dxe5 26.
Bxg6 $1 {White's idea. 26. ... hxg6 is not possible because of Rh8 and Rh7,
winning the queen.} Bxa2+ 27. Kxa2 Rxg6 28. Rxh7 Rg7 {After this Black is lost.
} (28... Qxh7 29. Rxh7 Kxh7 30. Qd7+ $18) (28... Qc6 $1 {Probably the only
move which offers defending chances. The following line is possible, which
leads to perpetual:} 29. Ka1 (29. Rh8+ Kf7 30. R1h7+ Kf6 31. Rxc8 Qxc8 {
and Black defends.} 32. Qd6+ $2 Qe6+) 29... Rxg2 $13 30. Rh8+ Kf7 31. R1h7+ Rg7
(31... Kf6 32. Rh6+ $18) 32. Rxc8 Qxc8 33. Qd5+ Kg6 34. Qd3+ Kf6 35. Qd6+ Kf7
36. Qd5+ $11) 29. R7h6 $1 $18 a4 (29... b3+ 30. cxb3 Rb8 31. Qc2 $18) (29...
Rg3 30. Qd6 b3+ 31. Ka1 $18) 30. Qd6 b3+ 31. Ka3 1-0

[Event "Barcelona Casino"]
[Site "Barcelona"]
[Date "2005.10.24"]
[Round "1"]
[White "Ivanchuk, Vassily"]
[Black "Felgaer, Ruben Alejandro"]
[Result "1-0"]
[WhiteElo "2748"]
[BlackElo "2636"]
[Annotator "Rogozenco,D"]
[PlyCount "75"]
[EventDate "2005.10.24"]
[EventType "tourn"]
[EventRounds "5"]
[EventCountry "ESP"]
[EventCategory "15"]
[SourceTitle "CBM 110"]
[Source "ChessBase"]
[SourceDate "2006.01.31"]
[SourceVersion "1"]
[SourceVersionDate "2006.01.31"]
[SourceQuality "1"]

1. e4 c5 2. Nf3 Nc6 3. d4 cxd4 4. Nxd4 g6 5. Nc3 Bg7 6. Be3 Nf6 7. Bc4 O-O 8.
Bb3 d6 9. f3 Bd7 10. h4 Rc8 11. Qd2 h5 12. O-O-O Ne5 13. Bg5 Rc5 14. f4 $5 {
This interesting theoretical line hasn't been popular lately, but in Dragon
the Black player has to know very well the entire theory.} (14. Rhe1) (14. g4)
(14. Kb1) 14... Nc4 15. Qd3 b5 ({The alternative} 15... Ng4 {can lead to an
endgame, analysis of which belongs to home opening preparation:} 16. Bxc4 Nf2
17. Qe2 Nxh1 18. Bb3 Qb6 19. f5 Bxd4 20. Rxd4 Rxf5 21. exf5 Qxd4 22. fxg6 Qg1+
23. Nd1 Bg4 24. gxf7+ Kg7 25. Qd2 {All these moves represent the main
variation after 15...Ng4. The following game show that in the arising endgame
Black's life is far from easy:} Qxd1+ 26. Qxd1 Bxd1 27. Kxd1 Rxf7 28. Bxf7 Kxf7
29. Ke2 Ng3+ 30. Kf3 Nf1 31. Ke4 Nh2 32. Be3 a6 33. Kf5 Ng4 34. Bb6 Nf6 35. c4
Nh7 36. g4 hxg4 37. Kxg4 Nf6+ 38. Kf5 e6+ 39. Kg5 Nd7 40. Bd4 e5 41. Be3 Nf6
42. Kf5 Nh5 43. c5 Ng7+ 44. Ke4 Ke6 45. cxd6 Nf5 46. d7 Nd6+ 47. Kf3 Kxd7 48.
Kg4 Ke6 49. Kg5 a5 50. h5 Kf7 51. b3 b5 52. h6 a4 53. b4 a3 54. Bc5 Ne4+ 55.
Kf5 Ng3+ 56. Kxe5 Kg6 57. Be3 Ne2 58. Bd2 Ng1 59. Ke4 Kh7 60. Be3 Ne2 61. Bd2
Ng3+ 62. Kd5 Kg6 63. Kc6 Ne4 64. Be1 Kxh6 65. Kxb5 {1-0 Klovans,J (2385)
-Tiviakov,S (2535)/Groningen (open) 1991. With accurate play Black could hold
this endgame, but this requires good preparation from Black.}) 16. e5 {In such
a sharp position the theoretical knowledge is essential, especially since 20
years ago many strong Grandmasters analyzed it carefully. The general
conclusion was that Black can hold it. Nowadays with the help of computers all
old analysis provide an excellent field for additional research.} Nh7 $146 {
Black avoids theoretical discussions and produces an interesting novelty.} ({
Ivanchuk had experience as Black with this variation almost 20 years ago:} 
16... Ng4 {(the main move)} 17. exd6 Rxg5 ({Another option is} 17... Nxd6 {
which leads to a very complicated position, also requiring home analysis.}) 18.
hxg5 Nf2 19. Qe2 Nxd1 20. Rxd1 Nxd6 21. Qd3 Bg4 (21... b4 22. Nd5 a5 23. Qa6
Kh8 $13 {is critical}) 22. Rd2 Qb8 23. Qxg6 Nc4 24. Bxc4 bxc4 25. Qe4 e6 26.
Nc6 $1 Qb6 27. Ne5 Qg1+ 28. Nd1 c3 29. bxc3 Bxd1 30. Rxd1 Qc5 31. Rd7 $16 {
1-0 Klovans,J (2420)-Ivanchuk,V (2475)/Tashkent 1987 (45)}) 17. Ndxb5 (17. exd6
Nxg5 18. dxe7 (18. hxg5 exd6 $13) 18... Qxe7 19. hxg5 Bg4 20. Rde1 Qc7 21. g3
Rc8 22. Ndxb5 Qb6 $44) 17... Nxg5 18. hxg5 Na5 $2 (18... Bf5 19. Qg3 Qa5 $13)
19. Nxd6 $5 {A nice positional piece sacrifice. The bishop remains locked on
g7. Besides, Ivanchuk plans to start an attack.} ({A simpler solution was} 19.
exd6 Nxb3+ 20. axb3 Bxb5 21. Nxb5 Qd7 22. dxe7 Qxe7 {and after} 23. Nd6 {
in spite of the open long diagonal Black does not have sufficient compensation
for two pawns.}) 19... Nxb3+ 20. axb3 exd6 21. Qxd6 Rc7 22. g4 {Another
unexpected move from Ivanchuk} ({Again White had a simpler alternative:} 22.
Nd5 Rb7 23. Ne7+ Kh7 24. g4 (24. f5 $2 Bxf5 25. Qxd8 Rxd8 26. Rxd8 Rxe7 $17)
24... Bxg4 25. Qxd8 Rxd8 26. Rxd8 Rxe7 27. c4 $16 {and White should be better,
although due to the h-pawn things are rather complicated}) 22... Qc8 (22...
hxg4 23. Nd5 Rb7 24. Ne7+ $18) 23. f5 (23. gxh5 gxh5 $13 (23... Bg4 $2 24. h6
$18) 24. Rxh5 $140 Bg4 25. Rhh1 Rd7 $1 (25... Bxd1 26. Rxd1 $44) 26. Qb4 Bxd1
27. Nxd1 Rfd8 $17 {[%cal Gd7d4]}) 23... Rxc3 $2 {An understandable desire to
simplify the position. However, the resulting endgame is difficult for Black.}
(23... Bxf5 $2 24. gxf5 Rc6 25. Qd3 Bxe5 26. Nd5 Re8 27. Rde1 Kf8 28. Ref1 $16)
({Correct was the bold} 23... gxf5 $1 {and the concrete variations show that
Black has resources to defend:} 24. gxh5 (24. Rxh5 Be6 ({or} 24... Re8 25. g6 (
25. Rdh1 Bc6 $19) 25... Rxe5 26. gxf7+ Kxf7 27. Rh7 Re6 28. Qd5 Bc6 29. Qxf5+
Kg8 {and Black defends}) 25. Rdh1 Rd8 26. Qb4 fxg4 $19 {[%cal Ge6f5]}) (24. Nd5
Rxc2+ 25. Kb1 Re8 26. Nf6+ Bxf6 27. gxf6 Bc6 28. Rxh5 Be4 $19) (24. g6 Be6 {
[%cal Gc7d7]}) 24... Bc6 (24... Re8 25. Rhe1 $13) 25. Rhe1 (25. h6 Rd7 $1 26.
hxg7 Rxd6 27. gxf8=R+ Qxf8 28. exd6 Bxh1 $17) 25... Rd7 26. Qc5 Rxd1+ 27. Nxd1
Re8 $17) (23... Bc6 24. f6 Bxh1 25. fxg7 (25. Rxh1 Rd8 $19) 25... Kxg7 26. gxh5
$44) 24. bxc3 Qxc3 25. Qd4 $1 (25. Qxd7 $2 Rc8 26. Qd3 Qa1+ 27. Kd2 Qa5+ 28.
Kc1 Qa1+ $11) 25... Qxd4 26. Rxd4 {Black has no time to blockade the pawns} Bc6
27. Re1 Re8 (27... hxg4 28. f6 $18) (27... gxf5 28. gxf5 $18) (27... h4 28. f6
Bh8 29. Rd2 h3 30. Rh2 Bg2 31. Re3 Re8 32. Kd2 $18) 28. f6 Bf8 29. gxh5 gxh5
30. e6 Bc5 $2 (30... Rxe6 31. Rxe6 fxe6 32. g6 Be8 $1 33. f7+ Bxf7 34. gxf7+
Kxf7 {would have left some chances to escape thanks to the h-pawn.}) 31. g6 $1
$18 fxg6 (31... Bxd4 32. exf7+ Kf8 33. fxe8=Q+ Bxe8 34. g7+ Kf7 35. Rxe8 $18)
32. f7+ Kf8 33. fxe8=Q+ Bxe8 34. Rd7 $1 Bb6 35. c4 Kg8 36. b4 Bf2 37. Rf1 Bg3
38. Rd8 1-0

[Event "Presov 2nd"]
[Site "Presov"]
[Date "2000.08.18"]
[Round "7"]
[White "Kalod, Radek"]
[Black "Macieja, Bartlomiej"]
[Result "0-1"]
[WhiteElo "2483"]
[BlackElo "2536"]
[Annotator "Rogozenco,D"]
[PlyCount "94"]
[EventDate "2000.08.12"]
[EventType "tourn"]
[EventRounds "9"]
[EventCountry "SVK"]
[EventCategory "10"]
[SourceTitle "CBM 079"]
[Source "ChessBase"]
[SourceDate "2000.11.21"]
[SourceVersion "1"]
[SourceVersionDate "2000.11.21"]
[SourceQuality "1"]

1. e4 {Konikowski} c5 2. Nf3 d6 3. d4 cxd4 4. Nxd4 Nf6 5. Nc3 g6 6. Be3 Bg7 7.
f3 Nc6 8. Qd2 O-O 9. Bc4 Bd7 10. h4 h5 11. O-O-O Ne5 12. Bb3 Rc8 13. Bh6 Nc4
14. Bxc4 Rxc4 15. Bxg7 Kxg7 16. Kb1 {The eternal question in Dragon: should
White attack immediately, or play this useful move first? Well, I think here
as usual this is a matter of player's style. There were plenty of games played
with both 16.Kb1 and 16.g4 and the results are very various. One thing is
clear: after 16.g4 White does not win by force and after 16.Kb1 Black still
didn't equalize and the attack with g4 might be possible later anyway.} (16. g4
hxg4 17. h5 Rh8 18. hxg6 fxg6 19. f4 e5 20. fxe5 dxe5 21. Nde2 Rh3 $1 $13)
16... Qa5 17. Nd5 {Another matter of style. White goes for an endgame which is
rather equal. In my opinion the only way to fight for advantage is either by
playing 17.Nb3 or 17.g4.} (17. g4 $5 {The following game is quite impressive:}
hxg4 18. h5 Nxh5 $2 19. Nf5+ $1 Bxf5 20. Rxh5 Rh8 21. Rxh8 Kxh8 22. Qh6+ Kg8
23. Nd5 {1-0 Kuchatova,N-Vifleemskaia,S/Elista RUS-ch (Women) 1996}) (17. Nb3
Qe5 18. Rhe1 $13) 17... Qxd2 18. Rxd2 Nxd5 19. exd5 Rfc8 20. Re1 Kf6 21. g3 {
with obvious idea to protect h4 pawn and to free the Knight from d4. But
unexpectedly Black develops an initiative on the queenside and White will get
an unpleasant position.} (21. b3 $142 R4c5 22. Ne2 Bf5 23. Rc1 b5 24. Kb2 a5
$11 {1-0 Stepanov,T-Dearing,E/Menorca Wch U16 1996/ (67)}) 21... b5 {Pushing
the queenside pawns for gaining advantage is a usual plan is this endgame.} 22.
Re3 b4 23. a3 a5 $15 24. Nb3 (24. axb4 $142 axb4 25. Nb3 $15) 24... bxa3 25.
Nxa5 (25. bxa3 $2 a4 26. Nd4 R8c5 $19) 25... Ra4 (25... a2+ $5 26. Kxa2 Rxc2
27. Rxc2 Rxc2 {[%csl Rd5]}) 26. Rxa3 Rxa3 27. bxa3 Ra8 28. Nb3 (28. Nc4 Bb5 (
28... Ra4 $2 29. Nb6) 29. Rd4 Bxc4 (29... Ra4 30. Rf4+ Kg7 31. Nd2 Rxa3 $15)
30. Rxc4 Rxa3 31. Rf4+ Kg7 $15 {[%csl Rd5,Rf3,Rg3]}) 28... Rxa3 29. Kb2 Ra4 30.
Kc3 Bb5 31. Rd4 Ra7 32. Rf4+ Kg7 (32... Ke5 $5 33. Rxf7 Kxd5 34. Rg7 Be8 $15)
33. Kb4 $6 (33. Re4 $15) 33... Bd7 {[%csl Rc2,Rd5,Rg3][%cal Rd7f5,Ra7a2]} 34.
Kc3 $6 Ra2 $17 35. Re4 Bf5 36. Re2 Kf6 37. Nd4 {'?!' Konikowski.} (37. Rd2 $5 {
Konikowski} Ke5 38. Nd4 Bd7 39. Re2+ Kf6 $11) 37... Ra1 $1 {[%csl Rg3]} (37...
Ra5 $5 {Konikowski} 38. Nxf5 gxf5 39. Kc4 e5 $15) 38. Nxf5 {'?' Konikowski.} (
38. Re3 $140 Rg1 39. Nxf5 gxf5 40. f4) (38. Rd2 $142 $5 {Konikowski}) 38...
gxf5 39. Rg2 (39. Re3 f4 $1 (39... Ra3+ {Konikowski} 40. Kd2 Rxe3 41. Kxe3 Ke5
42. c4 f4+ $1 43. gxf4+ Kf5 44. Ke2 Kxf4 45. Kf2 f6 $19) 40. gxf4 Rh1 $17 {/-+.
}) 39... Ra3+ 40. Kd4 Rxf3 $19 41. c4 Ra3 42. Rg1 e5+ 43. dxe6 fxe6 44. Rg2 Ke7
45. Rg1 e5+ 46. Kd5 Ra5+ 47. Kc6 Rc5+ 0-1